000 02077cam a2200469 i 4500
999 _c328379
_d328379
001 19467051
003 Nust
005 20170406111627.0
008 170127t20091997nyu 000 1 eng d
010 _a 2016591752
020 _a9780755333141
035 _a(OCoLC)ocn320788631
040 _aBTCTA
_beng
_erda
_cBTCTA
_dB@L
_dGL5
_dFTL
_dKL8
_dCDX
_dBDX
_dOCLCF
_dOCLCO
_dOCLCQ
_dTDS
_dFEM
_dOCL
_dDLC
042 _alccopycat
050 0 0 _aPR6072.I525
_bW56 2009
082 0 4 _a823.914
_bVIN
100 1 _aVincenzi, Penny,
_eauthor.
245 1 0 _aWindfall /
_cPenny Vincenzi.
250 _a1st U.S. ed.
264 1 _aNew York :
_bThe Overlook Press,
_c2009.
264 4 _c©1997
300 _a626 pages ;
_c24 cm
336 _atext
_btxt
_2rdacontent
336 _atext
_btxt
_2rdacontent
337 _aunmediated
_bn
_2rdamedia
337 _aunmediated
_bn
_2rdamedia
338 _avolume
_bnc
_2rdacarrier
338 _avolume
_bnc
_2rdacarrier
500 _aOriginally published in the United Kingdom in 1997.
520 _aSensible Cassia Fallon has been married to her doctor husband for seven years when her godmother leaves her a huge fortune. For the first time in her life, she is able to do exactly as she likes, and she starts to question her marriage, her past, her present, and her future. But where did her inheritance really come from and why? Too soon the windfall has become a corrupting force, one that Cassia cannot resist.
650 0 _aWealth
_vFiction.
650 0 _aInheritance and succession
_vFiction.
650 0 _aMan-woman relationships
_vFiction.
650 7 _aInheritance and succession.
_2fast
_0(OCoLC)fst00973371
650 7 _aMan-woman relationships.
_2fast
_0(OCoLC)fst01007080
650 7 _aWealth.
_2fast
_0(OCoLC)fst01172973
655 7 _aDomestic fiction.
_2fast
_0(OCoLC)fst01726589
655 7 _aFiction.
_2fast
_0(OCoLC)fst01423787
655 0 _aDomestic fiction.
906 _a7
_bcbc
_ccopycat
_d2
_encip
_f20
_gy-gencatlg
942 _2ddc
_cBK